| 000 | 00587nam a2200193Ia 4500 | ||
|---|---|---|---|
| 003 | GCL | ||
| 008 | 140319s9999 xx 000 0 ara d | ||
| 040 |
_aGCL / _cGCL |
||
| 082 | 0 | 4 |
_a808.04 _bح ب |
| 100 | 1 | _aحميد الحمدانى | |
| 245 | 1 | 0 |
_aبنية النص السردى : من منظور النقد الادبى / _cحميد الحمدانى |
| 260 |
_a[S.N] : _bالمركز الثقافى العربى ، _c1991 |
||
| 300 | _a160 ص | ||
| 490 | _a | ||
| 650 | 0 | 4 | _aالادب |
| 650 | 0 | 4 | _aالاسلوب , علم |
| 650 | 0 | 4 | _aتاريخ ونقد |
| 942 |
_2ddc _cBK |
||
| 999 |
_c52919 _d52919 |
||